[Event "St. Petersburg-ch 2021"]
[Site "St. Petersburg"]
[Date "2021.03.28"]
[Round "4.1"]
[White "Shubin, Kirill"]
[Black "Goganov, Aleksey"]
[Result "0-1"]
[WhiteElo "2466"]
[BlackElo "2575"]
[Annotator "TA"]
[PlyCount "70"]
[EventDate "2021.03.25"]
[EventType "swiss"]
[EventCountry "RUS"]
[SourceTitle "playchess.com"]
[Source "ChessBase"]
[SourceQuality "1"]

{[%evp 9,70,0,0,-32,-28,-89,0,-4,0,-17,-2,-10,-10,-16,14,-14,0,0,8,-35,-43,-37,-23,-26,-25,-133,30,0,93,97,95,68,67,60,33,33,51,0,54,28,20,26,61,23,91,81,105,11,13,23,25,36,55,55,57,62,61,-81,-78,-2314,-2093,-29997,-29998]} 1. e4 e5 2. Nf3 Nc6 3. Bc4 Bc5 4. c3 Nf6 5. d4 exd4 6. b4 {C54: Giuoco Piano: 4 c3 Nf6, main lines with 5 d4 and 5 d3.} Bb6 7. a4 (7. e5 $11 Ne4 8. b5 Nxe5 {[%mdl 64] Remove Defender} 9. Nxe5) 7... a5 (7... a6 $1 $17 8. e5 d5) 8. b5 $11 {The position is equal.} Ne7 9. e5 {[#]} (9. Nxd4 Nxe4 10. Bb2 (10. Qf3 d5 $17) 10... d5 $17) 9... Ne4 $146 ({Predecessor:} 9... Nfd5 10. Qb3 c6 11. cxd4 O-O 12. Bg5 h6 13. Bh4 Nb4 14. O-O d5 15. exd6 Qxd6 {0-1 (44) Mgaga,S-Weideman,H Bloemfontein 2005}) 10. cxd4 d5 11. exd6 cxd6 (11... Nxd6 {feels hotter.} 12. Nbd2 Nxc4 13. Nxc4 O-O 14. O-O Be6) 12. Ng5 d5 13. Nxe4 dxe4 14. Qb3 O-O (14... Bxd4 15. Bxf7+ Kf8 16. Ra2 $16) 15. Ba3 Nf5 16. Bxf8 Nxd4 17. Qa2 {[#]} (17. Bxf7+ $2 Kxf8 18. Qa2 Qg5 $19) (17. Qc3 $11 {remains equal.} Qxf8 18. O-O) 17... Kxf8 $2 ({Stronger than} 17... Qxf8 18. O-O $14) (17... Bh3 $1 $17 {[%cal Rh3g2][%mdl 512]} 18. gxh3 (18. Bxf7+ Kh8 $17) (18. Nd2 Bxg2) 18... Nf3+ 19. Ke2 Qd4) 18. Nd2 ({Don't blunder} 18. Bxf7 $2 Qg5 $19) 18... Qg5 (18... Nf5 $11 {keeps the balance.} 19. Nxe4 Qd4) 19. O-O $1 $16 Bf5 20. Qa3+ Kg8 {[#]} 21. Qd6 $1 Qd8 ({Wrong is} 21... Nf3+ $2 22. Nxf3 exf3 23. g3 $18) 22. Qxd8+ Rxd8 23. Ra2 (23. Rac1 $1 $14) 23... Ne6 (23... g6 $11) 24. Re1 Nc5 25. g4 Bg6 26. Nb3 Nd3 (26... Kf8 $11) 27. Bxd3 Rxd3 {[#]} 28. Nd2 (28. Rc2 $1 $16 {Rc8+ is the strong threat.} h6 29. Nc5) 28... e3 $11 29. fxe3 Bxe3+ 30. Kf1 {Black must now prevent Nc4.} Rc3 31. Nb1 $1 {[%cal Rb1c3]} Bd3+ 32. Kg2 Be4+ 33. Kg3 {[#]} (33. Kh3 $1 $14 {stays ahead.} Bxb1 34. Rxb1) 33... Rd3 $1 $17 {[%mdl 1024] Hoping for ...Bd2+. Black has strong compensation.} 34. Ree2 {[%mdl 8192]} (34. Rae2 $17 Bd2+ 35. Kf2 Bxe1+ 36. Kxe1) 34... Bg5+ $19 35. Kf2 Bh4+ {Weighted Error Value: White=0.55/Black=0.29} 0-1

[Event "St. Petersburg-ch 2021"]
[Site "St. Petersburg"]
[Date "2021.03.28"]
[Round "4.2"]
[White "Alekseev, Evgeny"]
[Black "Khalikov, Bulat"]
[Result "1-0"]
[WhiteElo "2619"]
[BlackElo "2117"]
[Annotator "TA"]
[PlyCount "129"]
[EventDate "2021.03.25"]
[EventType "swiss"]
[EventCountry "RUS"]
[SourceTitle "playchess.com"]
[Source "ChessBase"]
[SourceQuality "1"]

{[%evp 14,129,17,0,17,18,18,22,28,27,37,36,44,37,45,38,47,42,43,27,50,27,47,32,45,38,60,52,58,57,71,52,92,72,85,92,122,108,121,102,93,86,78,95,168,105,163,107,108,82,80,79,83,37,64,65,56,66,85,43,49,14,88,74,65,44,144,122,160,166,114,110,113,103,268,270,382,376,364,348,334,319,356,345,392,395,384,370,376,387,385,365,547,533,477,487,623,623,614,593,811,767,942,942,1410,1179,2015,1906,1214,1073,29941,29942,29974,29976,29980,29981,29981,29981]} 1. e4 e5 2. Nf3 Nc6 3. Bc4 Bc5 4. O-O Nf6 5. d3 a6 6. c3 d6 7. Bb3 Ba7 8. Be3 O-O {C54: Giuoco Piano: 4 c3 Nf6, main lines with 5 d4 and 5 d3.} 9. Bxa7 Rxa7 10. Nbd2 Nh5 {The position is equal.} 11. Nc4 Nf4 12. Ne3 {[#]} Qf6 $146 ({Predecessor:} 12... Ra8 13. g3 Nh3+ 14. Kh1 g6 15. Ng1 Kh8 16. f4 exf4 17. Nxh3 fxe3 18. Nf4 Ne5 {1-0 (62) Kalezic,B (2418)-Pecurica,M (2172) Cetinje 2013}) 13. g3 Nh3+ 14. Kg2 Ne7 15. Nh4 Nf4+ 16. Kh1 {Nhf5 is the strong threat.} Bh3 17. Nhg2 Nxg2 18. Nxg2 Ng6 19. Qh5 Bxg2+ 20. Kxg2 a5 21. a4 Ra6 22. Ba2 c6 23. h4 h6 24. Qg4 Raa8 25. h5 Ne7 {[#]} 26. f4 $1 d5 27. Rae1 exf4 28. Rxf4 Qg5 {[#]} (28... Qd6 $16 {is a better defense.}) 29. Qf3 (29. exd5 $1 $18 Qxg4 30. Rxg4 Nxd5 31. Bxd5 cxd5 32. Rd4) 29... Rae8 (29... Rad8 $16) 30. Re2 (30. d4 $18) 30... Nc8 $16 31. exd5 {Hoping for Rxe8.} (31. Rf2 {is more complex.} Nd6 32. exd5 c5 33. Rg4 Qe5 34. Bc4) 31... Rxe2+ 32. Qxe2 {And now dxc6 would win.} cxd5 33. Rg4 (33. Qf3 {is interesting.} Ne7 34. d4 Kh7 35. Bb3 f6 36. Bc2+) 33... Qf5 34. Qf3 Qxf3+ 35. Kxf3 $14 {[%mdl 4096] Endgame KRB-KRN} Ne7 36. Ke3 Re8 37. Kd2 f6 (37... g5 $11 {remains equal.}) 38. c4 $16 Nf5 39. c5 Rd8 (39... Ne7 $1 $14) 40. b4 Kf8 41. bxa5 d4 42. Be6 Ne7 43. Bc4 f5 $2 {Loses the game.} (43... Nc6 $16 {was called for.}) 44. Rf4 $18 g5 (44... Ke8 $142 45. Ke2 Kf8) 45. hxg6 Kg7 46. a6 bxa6 47. Bxa6 Rd5 48. Bb7 Rxc5 49. Rxd4 Kxg6 50. Rc4 Ra5 51. Kc3 Ra7 52. Bg2 Kg5 (52... Ra6 $142 53. Bb7 Ra7) 53. Kb4 Ng6 54. a5 {[%cal Ba4a5,Ba5a6,Ba6a7][%mdl 32]} f4 55. gxf4+ Nxf4 56. Be4 Rd7 57. Rc3 h5 58. a6 h4 59. Ra3 Ne6 60. a7 Nc7 61. Kc5 h3 62. Kb6 {White mates.} h2 63. Ra1 Kf4 64. Rc1 Re7 65. Bh1 {Weighted Error Value: White=0.08/Black=0.40} 1-0

[Event "St. Petersburg-ch 2021"]
[Site "St. Petersburg"]
[Date "2021.03.28"]
[Round "4.3"]
[White "Usmanov, Vasily"]
[Black "Lobanov, Sergei"]
[Result "1/2-1/2"]
[WhiteElo "2447"]
[BlackElo "2516"]
[Annotator "ChessBase"]
[PlyCount "51"]
[EventDate "2021.03.25"]
[EventType "swiss"]
[EventCountry "RUS"]
[SourceTitle "playchess.com"]
[Source "ChessBase"]
[SourceQuality "1"]
[TimeControl "40/5400+30:1800+30"]

1. c4 {[%emt 0:04:19]} Nf6 {[%emt 0:00:00]} 2. d4 {[%emt 0:00:05]} g6 {[%emt 0:00:15]} 3. Nc3 {[%emt 0:00:09]} d5 {[%emt 0:00:05]} 4. cxd5 {[%emt 0:00:07]} Nxd5 {[%emt 0:00:04]} 5. e4 {[%emt 0:00:04]} Nxc3 {[%emt 0:00:08]} 6. bxc3 {[%emt 0:00:02]} Bg7 {[%emt 0:00:08]} 7. Nf3 {[%emt 0:00:08]} c5 {[%emt 0:00:11]} 8. Rb1 {[%emt 0:01:10]} O-O {[%emt 0:00:55]} 9. Be2 {[%emt 0:00:57]} cxd4 {[%emt 0:01:36]} 10. cxd4 {[%emt 0:00:06]} Qa5+ {[%emt 0:00:06]} 11. Bd2 {[%emt 0:01:17]} Qxa2 {[%emt 0:00:22]} 12. O-O {[%emt 0:00:30]} Bg4 {[%emt 0:03:15]} 13. Rxb7 {[%emt 0:01:34]} Bxf3 {[%emt 0:03:32]} 14. Bxf3 {[%emt 0:00:10]} Bxd4 {[%emt 0:01:04]} 15. e5 {[%emt 0:00:54]} Na6 {[%emt 0:00:49]} 16. Rxe7 {[%emt 0:00:34]} Rad8 {[%emt 0:01:29]} 17. e6 {[%emt 0:00:59]} fxe6 {[%emt 0:03:11]} 18. Qe1 {[%emt 0:00:06]} Nc5 {[%emt 0:00:45]} 19. Be3 {[%emt 0:00:34]} Nd3 {[%emt 0:03:41]} 20. Bxd4 {[%emt 0:00:24]} Nxe1 {[%emt 0:02:10]} 21. Rg7+ {[%emt 0:00:09]} Kh8 {[%emt 0:00:06]} 22. Rd7+ {[%emt 0:00:10]} Kg8 {[%emt 0:00:20]} 23. Rg7+ {[%emt 0:00:07]} Kh8 {[%emt 0:00:04]} 24. Rd7+ {[%emt 0:00:05]} Kg8 {[%emt 0:00:14]} 25. Rg7+ {[%emt 0:00:08]} Kh8 {[%emt 0:00:05]} 26. Rd7+ {[%emt 1:28:12]} 1/2-1/2

[Event "St. Petersburg-ch 2021"]
[Site "St. Petersburg"]
[Date "2021.03.28"]
[Round "4.4"]
[White "Levin, Evgeny A."]
[Black "Efremov, Vladislav"]
[Result "1-0"]
[WhiteElo "2502"]
[BlackElo "2158"]
[Annotator "TA"]
[PlyCount "84"]
[EventDate "2021.03.25"]
[EventType "swiss"]
[EventCountry "RUS"]
[SourceTitle "playchess.com"]
[Source "ChessBase"]
[SourceQuality "1"]

{[%evp 27,84,27,29,27,41,39,87,95,80,92,163,158,163,157,164,149,148,149,212,206,222,216,329,310,348,233,229,200,211,172,142,185,483,175,381,347,332,377,370,387,381,370,382,359,1261,483,471,451,737,740,733,730,712,704,1554,1417,29978,29977,29996]} 1. d4 d5 2. c4 e6 3. Nc3 Bb4 4. e3 Nf6 5. a3 Bxc3+ 6. bxc3 c5 7. cxd5 exd5 8. Bd3 O-O 9. Ne2 b6 10. O-O Ba6 11. f3 Bxd3 12. Qxd3 Re8 13. Ng3 Nc6 14. Bb2 c4 15. Qd2 {E49: Nimzo-Indian: Rubinstein: 5 Bd3 d5 6 a3 Bxc3+ 7 bxc3.} h5 16. Qf2 {[#]} Ne7 $146 ({Predecessor:} 16... b5 17. Rae1 h4 18. Nf5 h3 19. Qg3 g6 20. e4 hxg2 21. Qxg2 Kh8 22. Ng3 Ne7 {1-0 (36) Le,Q (2708)-Aleksandrov,A (2577) Khanty-Mansiysk 2019}) 17. e4 $1 {White is better.} h4 18. Ne2 Ng6 (18... h3 $16 {keeps fighting.}) 19. e5 $18 Nh7 20. f4 f5 21. a4 Qd7 22. Qf3 Kf7 (22... Re6 $16 23. a5 b5) 23. Ba3 Rh8 24. Rab1 Ke6 (24... Nhf8 $142 25. Rb5 Ne6) 25. Rb5 Qc6 26. Qh5 Nhf8 27. Qg5 Qd7 28. g4 {[%csl Gg4][%cal Rg5f5]} hxg3 29. Nxg3 $40 {[%csl Gg3][%cal Rg5f5][%mdl 128] White wants a kill.} Qf7 {[#]} (29... Nh4 30. Nh5 Nfg6) 30. Ne4 $2 dxe4 $2 (30... Ne7) 31. d5+ $1 Kd7 32. e6+ Nxe6 33. dxe6+ Qxe6 {And now ...Rad8 would win.} 34. Rd1+ Kc7 {Threatens to win with ...Rad8.} 35. Rd6 Rad8 $2 {[#]} (35... Qe8) 36. Qxd8+ $3 {[%mdl 512]} Rxd8 37. Rxe6 Rd1+ (37... Nxf4 $142 38. Re7+ {[%mdl 64] Double Attack} Kc6 39. Rxf5 Ne2+ 40. Kf2 Nxc3 41. Re6+ Kb7 42. Rf7+ Ka6) 38. Kf2 Nxf4 39. Re7+ {[%mdl 64] Double Attack} Kc6 40. Rxf5 Nd3+ 41. Ke3 Re1+ 42. Kd4 Ra1 {Weighted Error Value: White=0.48/Black=0.73} 1-0

[Event "St. Petersburg-ch 2021"]
[Site "St. Petersburg"]
[Date "2021.03.28"]
[Round "4.5"]
[White "Schekachikhin, Maksim"]
[Black "Donskov, Anatoly"]
[Result "0-1"]
[WhiteElo "2417"]
[BlackElo "2286"]
[Annotator "NA"]
[PlyCount "38"]
[EventDate "2021.03.25"]
[EventType "swiss"]
[EventCountry "RUS"]
[SourceTitle "playchess.com"]
[Source "ChessBase"]
[SourceQuality "1"]
[TimeControl "40/5400+30:1800+30"]

1. d4 {[%emt 0:00:00]} d5 {[%emt 0:00:19]} 2. Nf3 {[%emt 0:00:30]} Nf6 {[%emt 0:00:07]} 3. c4 {[%emt 0:01:24]} dxc4 {[%emt 0:02:17]} 4. Qa4+ {[%emt 0:00:56]} Nbd7 {[%emt 0:19:56]} 5. Nc3 {[%emt 0:07:46]} e6 {[%emt 0:06:19]} 6. Bg5 {[%emt 0:19:19]} h6 {[%emt 0:04:58]} 7. Bh4 {[%emt 0:04:25]} Be7 {[%emt 0:00:35]} 8. Rd1 {[%emt 0:00:49]} O-O {[%emt 0:00:40]} 9. Qxc4 {[%emt 0:00:18]} a6 {[%emt 0:00:54]} 10. a4 {[%emt 0:09:43]} b5 {[%emt 0:08:14]} 11. axb5 {[%emt 0:01:34]} axb5 {[%emt 0:01:51]} 12. Qxb5 {[%emt 0:00:54]} Rb8 {[%emt 0:00:44]} 13. Qd3 {[%emt 0:14:02]} Rxb2 {[%emt 0:00:40]} 14. Bxf6 {[%emt 0:10:04]} Nxf6 {[%emt 0:00:41]} 15. Rd2 {[%emt 0:06:04]} Rb3 {[%emt 0:14:05]} 16. Qc2 {[%emt 0:02:45]} Ra3 {[%emt 0:01:24]} 17. Qb2 {[%emt 0:02:54]} Bd7 {[%emt 0:08:22]} 18. e3 {[%emt 0:02:20]} Qa8 {[%emt 0:00:51]} 19. Be2 {[%emt 0:04:46]} Rb8 {[%emt 0:00:31]} 0-1

[Event "St. Petersburg-ch 2021"]
[Site "St. Petersburg"]
[Date "2021.03.28"]
[Round "4.6"]
[White "Golikov, Daniil"]
[Black "Timerkhanov, Alexander"]
[Result "1/2-1/2"]
[WhiteElo "2229"]
[BlackElo "2400"]
[Annotator "TA"]
[PlyCount "143"]
[EventDate "2021.03.25"]
[EventType "swiss"]
[EventCountry "RUS"]
[SourceTitle "playchess.com"]
[Source "ChessBase"]
[SourceQuality "1"]

{[%evp 11,143,34,32,17,57,25,32,8,29,-11,-5,-36,-26,-104,-93,-102,-100,-91,-71,-91,-87,-97,-103,-101,-97,-116,-118,-103,-73,-103,-81,-104,-106,-117,-117,-117,-130,-117,-117,-117,-117,-117,-117,-123,-108,-109,-117,-125,-125,-140,-128,-147,-118,-152,-148,-150,-147,-161,-155,-165,-154,-169,-173,-180,-174,-199,-195,-189,-135,-149,-105,-122,-106,-109,-60,-68,-61,-58,-48,-60,-63,-105,-106,-108,-101,-170,-29,-120,-95,-99,-54,-62,-37,-27,-8,-9,-19,-22,-36,-36,0,-8,-8,-8,-8,-8,-8,-8,-8,-8,-8,-8,0,0,0,0,0,0,0,0,0,0,0,0,0,0,0,0,0,0,0,0,0,0]} 1. d4 d5 2. c4 c6 3. Nf3 Nf6 4. Nc3 a6 5. c5 g6 6. Bf4 Bg7 7. e3 {D15: Slav Defence: 4 Nc3 a6 and gambit lines after 4 Nc3 dxc4.} O-O 8. Be2 Bg4 9. O-O {White is slightly better.} Nbd7 10. Ne5 Bxe2 11. Qxe2 Nh5 {[#]} 12. h3 $146 (12. Qg4 $11 Bxe5 13. Bxe5) ({Predecessor:} 12. b4 f6 13. Nxd7 Qxd7 14. Bg3 e5 15. Rad1 exd4 16. exd4 Rae8 17. Qf3 Nxg3 18. hxg3 {0-1 (33) Tarigan,G (2149)-Andreikin,D (2726) Chess.com INT 2020}) 12... Bxe5 13. Bxe5 Nxe5 14. dxe5 Qa5 15. Qd2 Qxc5 16. Na4 Qb5 17. b3 Ng7 18. Rac1 a5 19. Nc5 Rad8 20. Rfd1 Qb6 21. Qd4 Qc7 22. Na4 Ne6 23. Qb6 Qxb6 24. Nxb6 f6 25. exf6 exf6 26. Na4 Rf7 27. Nc5 Re8 28. Nxe6 Rxe6 $17 {[%mdl 4096] Endgame KRR-KRR} 29. Rc5 b6 30. Rc2 f5 31. g3 Rd7 32. h4 Kf7 33. Rd3 Ke7 34. Kf1 Kd6 35. Ke2 Re4 36. Kd2 c5 37. Kc3 b5 38. Rd1 Kc6 39. Kb2 c4 (39... a4 $19 40. Rdc1 c4) 40. Rcd2 Ree7 41. Rd4 a4 42. Kc3 Rd6 43. bxc4 bxc4 44. Rb1 $1 Rb7 45. Rxb7 Kxb7 $15 {KR-KR} 46. h5 Kc6 47. hxg6 hxg6 ({Much weaker is} 47... Rxg6 $6 48. Rf4 $11) 48. g4 (48. Rh4 $17 {was necessary.}) 48... Rf6 (48... Kc5 $19 {...a3 is the strong threat.} 49. gxf5 gxf5) 49. g5 (49. gxf5 $11 {was the only way to keep the balance.} Rxf5 50. e4 dxe4 51. Rxe4) 49... Re6 50. Rh4 Kd6 51. Rh8 Ke5 {Strongly threatening ...Ke4.} 52. Rf8 $1 a3 53. f3 Rb6 54. Re8+ $1 Kd6 55. Rd8+ Kc6 {Threatens to win with ...Rb2.} (55... Kc5 {seems wilder.} 56. Ra8 Rb2 57. Rxa3 Re2 58. Ra5+ Kd6) 56. Rc8+ {The position is equal.} Kb7 57. Rc5 Rb2 58. Rxd5 Rxa2 {With the idea ...Re2.} 59. Kxc4 Rc2+ 60. Kb3 {[#]} a2 $1 61. Ra5 Rf2 62. f4 Kc6 63. Kc4 Kb6 64. Ra8 Rg2 65. Ra3 Kc6 66. Ra6+ Kb7 67. Ra3 Re2 68. Kd3 Rh2 69. Kc4 Kb6 70. Ra8 Rc2+ 71. Kd3 Rb2 72. Kc3 {And White is the lucky defender.  Weighted Error Value: White=0.15/Black=0.14} 1/2-1/2

[Event "St. Petersburg-ch 2021"]
[Site "St. Petersburg"]
[Date "2021.03.29"]
[Round "5.1"]
[White "Goganov, Aleksey"]
[Black "Alekseev, Evgeny"]
[Result "1/2-1/2"]
[WhiteElo "2575"]
[BlackElo "2619"]
[Annotator "TA"]
[PlyCount "27"]
[EventDate "2021.03.25"]
[EventType "swiss"]
[EventCountry "RUS"]
[SourceTitle "playchess.com"]
[Source "ChessBase"]
[SourceQuality "1"]

{[%evp 26,27,10,0]} 1. e4 e5 2. Nf3 Nc6 3. Bb5 a6 4. Ba4 Nf6 5. O-O Be7 6. Re1 b5 7. Bb3 O-O 8. c3 d6 9. h3 Bb7 10. d4 Re8 11. Ng5 Rf8 12. Nf3 Re8 {[#]} 13. Ng5 $146 ({Predecessor:} 13. a4 Bf8 14. Bg5 h6 15. Bxf6 Qxf6 16. Bd5 Reb8 17. Na3 Ne7 18. Bxb7 Rxb7 19. axb5 axb5 20. Nc2 Rbb8 21. Ne3 Qe6 22. Rxa8 Rxa8 {0-1 (53) Shirov,A (2662)-Fedoseev,V (2687) Chess.com INT 2021}) 13... Rf8 14. Nf3 1/2-1/2

[Event "St. Petersburg-ch 2021"]
[Site "St. Petersburg"]
[Date "2021.03.29"]
[Round "5.2"]
[White "Lobanov, Sergei"]
[Black "Shubin, Kirill"]
[Result "1/2-1/2"]
[WhiteElo "2516"]
[BlackElo "2466"]
[Annotator "TA"]
[PlyCount "83"]
[EventDate "2021.03.25"]
[EventType "swiss"]
[EventCountry "RUS"]
[SourceTitle "playchess.com"]
[Source "ChessBase"]
[SourceQuality "1"]

{[%evp 10,83,54,41,52,20,27,15,25,26,33,30,19,16,16,20,27,16,14,14,26,-28,-31,-68,27,24,24,10,19,16,101,87,114,114,114,93,139,139,134,135,162,162,162,162,168,166,150,159,163,178,327,318,325,309,266,187,243,185,167,181,189,90,193,155,146,63,63,73,79,72,87,40,91,0,97,0]} 1. e4 e6 2. d4 d5 3. Nc3 Bb4 4. e5 b6 5. Qg4 Bf8 6. Nf3 Ne7 {C16: French: 3 Nc3 Bb4 4 e5: Lines without ...c5.} 7. h4 Ba6 8. Bxa6 Nxa6 {The position is equal.} 9. Bg5 Nb4 {[#] Strongly threatening ...h5.} 10. O-O $146 ({Predecessor:} 10. O-O-O h6 11. Bf4 Qd7 12. a3 Nbc6 13. h5 O-O-O 14. Kb1 Kb7 15. Bc1 Rc8 16. Qf4 {1-0 (54) Van Riemsdijk,H (2401)-Drummond,M (2227) Queenstown 2012}) 10... h5 11. Qh3 Qd7 12. a3 Nbc6 13. b4 Nf5 14. Ne2 $36 {[%mdl 2048] White has good play.} Be7 15. Bxe7 (15. Rfd1 $142) 15... Ncxe7 $11 16. Nf4 Ng6 (16... Qc6 $15) 17. Nxg6 fxg6 18. c3 O-O 19. a4 Nh6 (19... a5 $11 {keeps the balance.}) 20. Ng5 Rf5 21. Qg3 Raf8 22. f4 Nf7 {With the idea ...Nxg5.} 23. Nh3 Kh7 24. Qd3 c5 25. dxc5 bxc5 26. b5 (26. bxc5 $6 Qe7 $14) 26... Qd8 27. g3 Qa5 28. c4 Rd8 29. Rfd1 $1 Qb4 (29... dxc4 $142 30. Qxc4 {[%mdl 64] Double Attack} Nh6) 30. Qc2 $1 $18 (30. cxd5 Rxd5 31. Qc2 Nh6 $14) 30... dxc4 {[#]} 31. Rxd8 (31. Ng5+ Nxg5 32. Rxd8 Nh3+ 33. Kh1 Nxf4 $11) 31... Nxd8 32. Rc1 Qa3 (32... Nf7 $142 33. Qxc4 Qa3) 33. Kg2 Nf7 34. Qxc4 Nh6 {[#]} 35. Rc3 (35. Rb1 $1 $18 {has better winning chances.}) 35... Qb2+ (35... Qa1 $16 {is a better defense.}) 36. Rc2 Qa3 {intending ...Ng4.} 37. Qxc5 (37. Ng5+ $6 Rxg5 38. hxg5 Nf5 $11) ({White should play} 37. Nf2 $16) 37... Qxa4 $14 38. Qc4 Qa3 39. Ra2 Qe3 40. Re2 (40. Qxe6 $6 Qe4+ 41. Kf1 (41. Kg1 $2 Qf3 $17) 41... Qd3+ 42. Kg2 Qe4+ 43. Kf1 (43. Kg1 Qf3 $17) 43... Qd3+ 44. Kg2 Qe4+ $11) (40. Ng5+ $6 Rxg5 41. fxg5 (41. hxg5 Nf5 $17) 41... Nf5 $11) 40... Qa3 (40... Ng4 $14) 41. Ra2 Qe3 42. Re2 {Weighted Error Value: White=0.18/Black=0.22} (42. Qxe6 Qe4+ 43. Kf1 (43. Kg1 $2 Qf3 $19) 43... Qb1+ 44. Kg2 Qe4+ 45. Kf1 (45. Kg1 $2 Qf3 $17) 45... Qb1+ 46. Kg2 Qe4+ $11) ({Reject} 42. Ng5+ $6 Rxg5 43. fxg5 (43. hxg5 Nf5 $17) 43... Nf5 $11) ({White should try} 42. Qe2 $16 Qc5 43. Rd2 (43. Ng5+ Rxg5 44. hxg5 Qd5+ 45. Kh3 Nf5 $14)) 1/2-1/2

[Event "St. Petersburg-ch 2021"]
[Site "St. Petersburg"]
[Date "2021.03.29"]
[Round "5.3"]
[White "Donskov, Anatoly"]
[Black "Usmanov, Vasily"]
[Result "0-1"]
[WhiteElo "2286"]
[BlackElo "2447"]
[Annotator "TA"]
[PlyCount "106"]
[EventDate "2021.03.25"]
[EventType "swiss"]
[EventCountry "RUS"]
[SourceTitle "playchess.com"]
[Source "ChessBase"]
[SourceQuality "1"]

{[%evp 14,106,0,-25,78,55,51,52,60,58,54,63,58,50,51,52,43,32,63,66,76,64,95,92,83,16,28,5,28,0,0,0,0,0,17,0,14,8,41,23,28,0,56,15,20,0,0,0,0,0,0,-27,-27,-27,-27,-48,-42,-35,-35,-51,-50,-44,-41,-62,-77,-81,-68,-67,-67,-67,-68,-331,-304,-416,-412,-400,-356,-358,-312,-420,-423,-441,-441,-428,-428,-606,-595,-2026,-2133,-1811,-1740,-1735,-1675,-990,-841]} 1. e4 e6 2. d4 d5 3. e5 c5 4. c3 Qb6 5. Nf3 Nc6 6. Be2 cxd4 7. cxd4 Nh6 8. Bxh6 {Bc1 is the strong threat. 8.Bd3 is vanishing.} gxh6 {C02: French: Advance Variation.} (8... Qxb2 $11 {remains equal.} 9. Na3 Qxa3) 9. Qd2 Bg7 {9...Rg8 is more advanced technology.} 10. O-O O-O {White is slightly better.} 11. Nc3 f6 12. exf6 Rxf6 13. Na4 {[#]} Qb4 $146 ({Predecessor:} 13... Qc7 14. Rac1 Qf4 15. Qe3 Rf7 16. Rfd1 Rb8 17. Nc5 Qd6 18. b4 a6 19. a3 Rf8 {0-1 (43) Polivanov,A (2452)-Meier,G (2621) chess.com INT 2020}) 14. Qxb4 Nxb4 15. Rac1 Nxa2 16. Ra1 {[%cal Ra1a2]} Nb4 {[#]} 17. Nb6 $1 {[%cal Rb6a8][%mdl 64] Pin} Rb8 18. Rxa7 Nc6 19. Nxc8 (19. Ra4 $16) 19... Rf8 $11 20. Ra4 {Black must now prevent Na7.} Rbxc8 21. g3 Ra8 22. Rfa1 Rxa4 23. Rxa4 Rc8 24. Kg2 Bf6 25. h4 Kg7 26. Bb5 Rc7 27. g4 Kf8 (27... Be7 $11) 28. Kg3 (28. Bxc6 $5 bxc6 29. b4 $14) 28... Ke7 29. g5 hxg5 30. hxg5 Bg7 31. Kg4 Kd6 32. Bd3 h6 33. g6 Rc8 34. Bb5 Ne7 35. Bd3 Rf8 36. Ra7 Kc7 37. Ra1 Nc6 38. Ra4 Kd6 39. Bb5 h5+ 40. Kg3 {[#]} Rxf3+ $1 {[%mdl 64] Remove Defender, Decoy} 41. Kxf3 {Threatens to win with Bxc6.} Nxd4+ {[%mdl 64] Double Attack} 42. Kg2 $2 {[%mdl 8192] This move loses the game for White.} ({Only move:} 42. Rxd4 $15 Bxd4 43. Kf4) 42... Nxb5 $19 {[%mdl 4160] Endgame Discovered Attack} 43. Rf4 {intending Rf7.} Nd4 44. Rf7 Nf5 45. Rxb7 Kc6 46. Rb8 Be5 47. Re8 {Black is clearly winning.} Kd7 48. Rg8 Bxb2 49. Kh3 (49. Rb8 $142 Be5 50. Rb7+ Kc6 51. Rh7) 49... Ke7 50. f4 Bg7 51. Ra8 Kf6 52. Ra6 Bh6 53. g7 Bxg7 {Weighted Error Value: White=0.47/Black=0.08} 0-1

[Event "St. Petersburg-ch 2021"]
[Site "St. Petersburg"]
[Date "2021.03.29"]
[Round "5.4"]
[White "Timerkhanov, Alexander"]
[Black "Levin, Evgeny A."]
[Result "1/2-1/2"]
[WhiteElo "2400"]
[BlackElo "2502"]
[Annotator "TA"]
[PlyCount "43"]
[EventDate "2021.03.25"]
[EventType "swiss"]
[EventCountry "RUS"]
[SourceTitle "playchess.com"]
[Source "ChessBase"]
[SourceQuality "1"]

{[%evp 14,43,10,0,15,4,19,11,22,15,14,18,16,12,14,2,3,0,0,-29,-24,-19,-18,-27,-9,-17,0,-26,0,-9,0,-11]} 1. d4 e6 2. c3 c5 3. Nf3 Nf6 4. Bg5 h6 5. Bxf6 Qxf6 6. e4 cxd4 $1 {6...cxd4 is better than 6...Nc6.} 7. cxd4 Bb4+ 8. Nc3 Nc6 {A46: 1 d4 Nf6 2 Nf3 e6: Torre, London and Colle Systems.} 9. e5 Qd8 10. Bd3 d6 {[#]} 11. O-O $146 ({Predecessor:} 11. exd6 Qxd6 12. O-O O-O 13. a3 Ba5 14. b4 Bb6 15. d5 Nd4 16. dxe6 Bxe6 17. Rc1 {0-1 (38) Nurmi,R (1759)-Howard,C ICCF email 2015}) 11... dxe5 12. dxe5 Bxc3 13. bxc3 Bd7 14. Qe2 Ne7 15. Rfd1 Qc7 16. c4 Ba4 17. Rd2 O-O 18. Qe4 {[%csl Gd3][%cal Re4h7] [#]} Ng6 19. Qe3 Ne7 20. Qe4 {[%csl Gd3][%cal Re4h7]} Ng6 21. Qe3 Ne7 22. Qe4 {[%csl Gd3][%cal Re4h7] Not much happened in this game.  Weighted Error Value: White=0.06/Black=0.06} 1/2-1/2